特急「ハウステンボス」の停車駅 - Statistics

General Stats
  • This quiz has been taken 129 times
  • The average score is 9 of 11
Answer Stats
停車駅 % Correct
博多
97%
ハウステンボス
97%
佐賀
94%
鳥栖
92%
新鳥栖
83%
武雄温泉
83%
二日市
82%
江北
81%
早岐
80%
有田
66%
吉野ケ里公園
61%
No matching quizzes found
Score Distribution
Percent of People with Each Score
Percentile by Number Answered
Your Score History
You have not taken this quiz